| 000 | 00554nam a2200193Ia 4500 | ||
|---|---|---|---|
| 003 | GCL | ||
| 008 | 140319s9999 xx 000 0 ara d | ||
| 040 |
_aGCL / _cGCL |
||
| 082 | 0 | 4 |
_a822 _bب ز |
| 100 | 1 | _aبرنارد شو | |
| 245 | 1 | 0 |
_aالزواج مسرحية / _cبرنارد شو |
| 700 | 1 | _aعبدالحليم البشلاوى | |
| 300 | _a200 ص | ||
| 490 | _a | ||
| 650 | 0 | 4 | _aالقصص الانجليزية المترجمة |
| 650 | 0 | 4 | _aالمسرحيات |
| 650 | 0 | 4 | _aالادب الانجليزى المترجم |
| 942 |
_2ddc _cBK |
||
| 999 |
_c38105 _d38105 |
||